| 000 | 00420cam a2200181ua 4500 | ||
|---|---|---|---|
| 020 | _c7.20 | ||
| 041 |
_aeng _h |
||
| 082 |
_a501 _bBER/IN |
||
| 100 | _aBergin, D F . | ||
| 245 |
_aIntroductory general science / _cD F Bergin. _hTextual Documents |
||
| 250 |
_a1 / _b. |
||
| 260 |
_aLondon : _bLongman , _c1960. |
||
| 300 | _a229 ; . | ||
| 365 | _a7.20 | ||
| 504 | _a | ||
| 942 | _cBK | ||
| 999 |
_c10249 _d10249 |
||